| 000 | 01024nam a22003257a 4500 | ||
|---|---|---|---|
| 001 | BR2012001760 | ||
| 003 | BR-BrBNA | ||
| 005 | 20230928103915.0 | ||
| 007 | ta | ||
| 008 | 230509b bl.||||| |||| 00| 0 por d | ||
| 040 |
_aBR-BrBNA _bpor _cBiblioteca Nacional de Agricultura |
||
| 041 | _a(Por) | ||
| 072 |
_aF30; H10 _b1116 _b1190 _b4050 |
||
| 090 | _ 1116 BR2012001760 | ||
| 100 | 1 | _aSouza, A. das G. de | |
| 110 | 1 |
_aUniversidade Federal de Lavras, MG (Brasil) _0Tese (Doutorado) |
|
| 245 | 1 | _aCaracterização molecular, citogenética e seleção de espécies de Myrtaceae resistentes ao nematóide Meloidogyne enterolobii | |
| 260 | 3 |
_aLavras, MG (Brasil): _c2011. |
|
| 300 | _a118 p. | ||
| 500 | _aSummaries (Eng, Por); Several bibliography; 13 tables; 7 illus. | ||
| 650 | _aGOIABA | ||
| 650 | _aARAÇA | ||
| 650 | _aNEMATÓIDE | ||
| 650 | _aPORTA ENXERTO | ||
| 650 | _aVARIEDADE | ||
| 650 | _aSELEÇÃO | ||
| 650 | _aVARIEDADE RESISTENTE | ||
| 909 |
_a202309 _bLucia _c55 _dLucia Elande |
||
| 942 | _cBK | ||
| 999 |
_c77183 _d77183 |
||